[Event "XXVI Ogolnopolska Olimpiada Mlodziezy"]
[Site "Pulawy"]
[Date "2020.10.11"]
[Round "9.22"]
[White "Olszewski, Antoni"]
[Black "Tarlowski, Bartosz"]
[Result "1/2-1/2"]
[WhiteElo "1412"]
[BlackElo "1145"]
[PlyCount "61"]
[EventDate "2020.10.04"]
[EventType "swiss"]
[Tiebreak "Sum of Buchholz+Median1 Buchholz+Sonneborn-Berger (Swiss)"]

1. e4 e5 2. Nf3 Nf6 3. Nxe5 d6 4. Nf3 Nxe4 5. c4 Nc6 6. Nc3 Nxc3 7. dxc3 Be7 8.
Bd3 O-O 9. h3 Be6 10. O-O Qd7 11. Bf4 Bf6 12. Qc2 h6 13. Rfe1 Ne7 14. Nd4 Bxd4
15. cxd4 d5 16. Rad1 c6 17. b3 Kh8 18. Qd2 Ng8 19. c5 Bf5 20. Re2 Rfe8 21. Rde1
Rxe2 22. Rxe2 Bxd3 23. Qxd3 Re8 24. Rxe8 Qxe8 25. Qe3 Qxe3 26. Bxe3 Nf6 27. f3
Kh7 28. Kf2 g5 29. g4 Nd7 30. b4 a6 31. Kg3 1/2-1/2

[Event "XXVI Ogolnopolska Olimpiada Mlodziezy"]
[Site "Pulawy"]
[Date "2020.10.11"]
[Round "9.23"]
[White "Brelinska, Matylda"]
[Black "Mazurek, Maja"]
[Result "1/2-1/2"]
[WhiteElo "1180"]
[BlackElo "1220"]
[PlyCount "69"]
[EventDate "2020.10.04"]
[EventType "swiss"]
[Tiebreak "Sum of Buchholz+Median1 Buchholz+Sonneborn-Berger (Swiss)"]

1. e4 c6 2. d4 d5 3. exd5 cxd5 4. h3 Nf6 5. Nf3 Nc6 6. Nc3 a6 7. Be2 Bf5 8. a3
e6 9. O-O Bd6 10. Be3 Qc7 11. Re1 h6 12. Bd3 Ne4 13. Bxe4 Bxe4 14. Nxe4 dxe4
15. Nd2 f5 16. Nb3 O-O-O 17. c4 Kb8 18. Qc1 g5 19. Bd2 Qb6 20. Qc3 Be7 21. d5
Na7 22. Be3 Qd6 23. Bc5 Qc7 24. Bxe7 Qxe7 25. Qe5+ Qd6 26. Qxe6 Qxe6 27. dxe6
Rhe8 28. Rad1 Rxd1 29. Rxd1 Rxe6 30. Nc5 Rc6 31. Rd5 f4 32. Nxe4 Rxc4 33. f3
Rc7 34. Rd8+ Nc8 35. Nd6 1/2-1/2

[Event "XXVI Ogolnopolska Olimpiada Mlodziezy"]
[Site "Pulawy"]
[Date "2020.10.11"]
[Round "9.23"]
[White "Demski, Michal"]
[Black "Ciszewski, Krzysztof"]
[Result "1-0"]
[WhiteElo "1809"]
[BlackElo "1784"]
[PlyCount "67"]
[EventDate "2020.10.04"]
[EventType "swiss"]
[Tiebreak "Sum of Buchholz+Median1 Buchholz+Sonneborn-Berger (Swiss)"]

1. e4 c5 2. Nc3 d6 3. f4 g6 4. Nf3 Bg7 5. Bb5+ Bd7 6. Bxd7+ Nxd7 7. O-O Ngf6 8.
d3 O-O 9. Qe1 Rb8 10. Qh4 Nb6 11. f5 Qd7 12. Bh6 Nh5 13. Bxg7 Nxg7 14. Ng5 h5
15. f6 Ne6 16. Nxe6 Qxe6 17. fxe7 Rfe8 18. Rf6 Qxe7 19. Qf4 Rbd8 20. Rf1 Rf8
21. Qg5 Qe5 22. R1f5 Qd4+ 23. Kh1 c4 24. e5 Qg4 25. e6 Qxg5 26. Rxg5 fxe6 27.
Rgxg6+ Kh7 28. Rh6+ Kg7 29. Rfg6+ Kf7 30. Ne4 d5 31. Rf6+ Kg7 32. Rhg6+ Kh7 33.
Ng5+ Kh8 34. Ne4 1-0

[Event "XXVI Ogolnopolska Olimpiada Mlodziezy"]
[Site "Pulawy"]
[Date "2020.10.11"]
[Round "9.23"]
[White "Kicinska, Anna"]
[Black "Mansz, Martyna"]
[Result "1-0"]
[WhiteElo "1170"]
[BlackElo "1054"]
[PlyCount "71"]
[EventDate "2020.10.04"]
[EventType "swiss"]
[Tiebreak "Sum of Buchholz+Median1 Buchholz+Sonneborn-Berger (Swiss)"]

1. d4 d5 2. Nf3 Nf6 3. Bg5 h6 4. Bh4 Bf5 5. e3 Nc6 6. Bd3 Bg6 7. Bxg6 fxg6 8.
Qd3 Ne4 9. Nbd2 Nb4 10. Qb5+ c6 11. Qxb4 g5 12. Bg3 e6 13. Qxb7 Rc8 14. Nxe4
dxe4 15. Ne5 Be7 16. Ng6 Rh7 17. Nxe7 Qxe7 18. Qxc8+ Kf7 19. Qc7 Qxc7 20. Bxc7
Rh8 21. O-O Rc8 22. Bd6 a6 23. a4 g6 24. c4 Rd8 25. Bc5 Rd7 26. b4 Rb7 27. Rfb1
Ke8 28. b5 cxb5 29. axb5 axb5 30. Rxb5 Kd7 31. Rxb7+ Kc6 32. Rb6+ Kd7 33. Ra7+
Kc8 34. Rxe6 Kd8 35. Rxg6 Ke8 36. Rg8# 1-0

[Event "XXVI Ogolnopolska Olimpiada Mlodziezy"]
[Site "Pulawy"]
[Date "2020.10.11"]
[Round "9.23"]
[White "Nocek, Dominik"]
[Black "Kowalski, Witold"]
[Result "1-0"]
[WhiteElo "1354"]
[BlackElo "1330"]
[PlyCount "167"]
[EventDate "2020.10.04"]
[EventType "swiss"]
[Tiebreak "Sum of Buchholz+Median1 Buchholz+Sonneborn-Berger (Swiss)"]

1. e4 c5 2. Nf3 e6 3. c3 d5 4. exd5 exd5 5. d4 Nc6 6. Bb5 Bd6 7. dxc5 Bxc5 8.
O-O Nge7 9. Nbd2 O-O 10. Nb3 Bb6 11. Re1 a6 12. Bd3 Bd7 13. Be3 Bxe3 14. Rxe3
Nf5 15. Bxf5 Bxf5 16. Nbd4 Be4 17. Qd2 Re8 18. Rae1 Nxd4 19. Nxd4 Qd7 20. f3
Bg6 21. Kf2 h6 22. Rxe8+ Rxe8 23. Rxe8+ Qxe8 24. Qe2 Kf8 25. Qxe8+ Kxe8 26. Ke3
Kd7 27. b4 b6 28. Kf4 Kd6 29. g4 Bb1 30. a3 a5 31. h4 g6 32. g5 h5 33. Ke3 a4
34. Kf4 Bd3 35. Ke3 Bb1 36. f4 Ke7 37. f5 f6 38. Kf4 Bd3 39. fxg6 Bxg6 40. Nc6+
Ke6 41. Nd4+ Ke7 42. Nf5+ Ke6 43. Nd4+ Ke7 44. Ne2 Ke6 45. Ng3 Ke7 46. Nf1 Ke6
47. Ne3 Be4 48. c4 fxg5+ 49. hxg5 Bd3 50. cxd5+ Kd6 51. Kg3 b5 52. Kh4 Bg6 53.
Kg3 Bb1 54. Kf4 Bd3 55. Kf3 Bb1 56. Kf4 Bd3 57. Kf3 Bb1 58. Nd1 Ke5 59. Nc3 Bd3
60. Kg3 Bc2 61. Kh4 Bg6 62. Nxb5 Kxd5 63. Nc3+ Kc4 64. Nxa4 Kb3 65. Nc5+ Kc4
66. Ne6 Kb3 67. Nf4 Be8 68. g6 Ka4 69. g7 Bf7 70. Nxh5 Bc4 71. Nf6 Kxa3 72. b5
Bxb5 73. g8=Q Kb4 74. Kg5 Bc4 75. Qb8+ Kc3 76. Kf5 Bd3+ 77. Ke5 Bc4 78. Qc7 Kd3
79. Qc5 Bb3 80. Qd4+ Kc2 81. Ne4 Bf7 82. Qc3+ Kb1 83. Nd2+ Ka2 84. Nc4 1-0

[Event "XXVI Ogolnopolska Olimpiada Mlodziezy"]
[Site "Pulawy"]
[Date "2020.10.11"]
[Round "9.24"]
[White "Dzierzgowska, Jagoda"]
[Black "Laszczuk, Marcelina"]
[Result "1-0"]
[WhiteElo "1109"]
[BlackElo "1104"]
[PlyCount "121"]
[EventDate "2020.10.04"]
[EventType "swiss"]
[Tiebreak "Sum of Buchholz+Median1 Buchholz+Sonneborn-Berger (Swiss)"]

1. d4 Nf6 2. c4 g6 3. Nc3 d5 4. e3 Bg7 5. Nf3 O-O 6. b3 b6 7. Bb2 Bb7 8. Bd3 c6
9. O-O Nfd7 10. Re1 e5 11. dxe5 Nxe5 12. Nxe5 Bxe5 13. Rb1 Bg7 14. cxd5 cxd5
15. Be2 Bxc3 16. Bxc3 Qg5 17. Bf3 Na6 18. Qd4 f6 19. Red1 Nc7 20. Bb4 Rf7 21.
Qd3 Rd8 22. Rb2 Rfd7 23. h3 d4 24. Bxb7 dxe3 25. Qc4+ Kg7 26. Rxd7+ Rxd7 27.
Bf3 exf2+ 28. Rxf2 b5 29. Qc5 Qxc5 30. Bxc5 a6 31. Rc2 Ne6 32. Be3 Nd4 33. Bxd4
Rxd4 34. Rc6 a5 35. Ra6 a4 36. bxa4 Rxa4 37. Rxa4 bxa4 38. Bc6 a3 39. Kf2 Kf7
40. Ke3 Ke6 41. Kd4 Kd6 42. Bf3 g5 43. Kc3 h6 44. Kb3 Kc5 45. Kxa3 Kb5 46. Kb3
Ka5 47. a4 f5 48. g3 f4 49. g4 Ka6 50. Kb4 Ka7 51. Kb5 Kb8 52. a5 Ka7 53. a6
Kb8 54. Kb6 Kc8 55. a7 Kd8 56. a8=Q+ Kd7 57. Qc6+ Ke7 58. Qg6 Kf8 59. Qh7 Ke8
60. Bc6+ Kd8 61. Qd7# {Ke8} 1-0

[Event "XXVI Ogolnopolska Olimpiada Mlodziezy"]
[Site "Pulawy"]
[Date "2020.10.11"]
[Round "9.24"]
[White "Gawlik, Olivier"]
[Black "Jablonski, Dawid"]
[Result "1-0"]
[WhiteElo "1115"]
[BlackElo "1200"]
[PlyCount "67"]
[EventDate "2020.10.04"]
[EventType "swiss"]
[Tiebreak "Sum of Buchholz+Median1 Buchholz+Sonneborn-Berger (Swiss)"]

1. d4 d5 2. c4 e6 3. Nc3 Nf6 4. Bg5 Nbd7 5. Nf3 c6 6. cxd5 exd5 7. a3 Qb6 8. b4
Bd6 9. Na4 Qc7 10. Bxf6 Nxf6 11. Nc3 Bf5 12. e3 O-O 13. Be2 h6 14. O-O Rfe8 15.
b5 Ne4 16. Qc1 Rac8 17. bxc6 Qxc6 18. Nxe4 Bxe4 19. Qxc6 bxc6 20. Rfc1 Rc7 21.
Rc3 f6 22. Rac1 Rec8 23. Nd2 Bf5 24. Nf1 c5 25. Ba6 Rb8 26. Be2 c4 27. Bf3 Rb3
28. Bxd5+ Kf8 29. e4 Bg6 30. a4 Rxc3 31. Rxc3 Bf7 32. Bxf7 Kxf7 33. Ne3 Re7 34.
f3 1-0

[Event "XXVI Ogolnopolska Olimpiada Mlodziezy"]
[Site "Pulawy"]
[Date "2020.10.11"]
[Round "9.24"]
[White "Karys, Katarzyna"]
[Black "Dumin, Karolina"]
[Result "1-0"]
[WhiteElo "1132"]
[BlackElo "1014"]
[PlyCount "92"]
[EventDate "2020.10.04"]
[EventType "swiss"]
[Tiebreak "Sum of Buchholz+Median1 Buchholz+Sonneborn-Berger (Swiss)"]

1. e4 d5 2. exd5 Qxd5 3. Nc3 Qd6 4. d4 a6 5. Bc4 e6 6. Nf3 Nc6 7. O-O Nf6 8. a3
b5 9. Bb3 Bd7 10. d5 exd5 11. Nxd5 Be7 12. Re1 O-O 13. Nxe7+ Nxe7 14. Qxd6 cxd6
15. Rxe7 Bc6 16. Nd4 Bd5 17. Bxd5 Nxd5 18. Rd7 Rfd8 19. Rxd8+ Rxd8 20. Bd2 Rc8
21. Re1 g6 22. Bh6 Nf6 23. h3 Re8 24. Rxe8+ Nxe8 25. Nc6 Nc7 26. Ne7+ Kh8 27.
f4 Ne6 28. Kf2 Nd4 29. c3 Nf5 30. Nxf5 gxf5 31. Ke3 f6 32. Bf8 Kg8 33. Bxd6 Kf7
34. Kd4 Ke6 35. Kc5 Kd7 36. Bf8 Kc7 37. Bg7 h5 38. Bxf6 Kb7 39. Kd5 Kb6 40. Ke5
Kc5 41. b3 a5 42. Kxf5 b4 43. axb4+ axb4 44. cxb4+ Kxb4 45. Ke6 Kxb3 46. Be5
Kc4 1-0

[Event "XXVI Ogolnopolska Olimpiada Mlodziezy"]
[Site "Pulawy"]
[Date "2020.10.11"]
[Round "9.24"]
[White "Kozera, Dawid"]
[Black "Karut, Kacper"]
[Result "0-1"]
[WhiteElo "1450"]
[BlackElo "1657"]
[PlyCount "62"]
[EventDate "2020.10.04"]
[EventType "swiss"]
[Tiebreak "Sum of Buchholz+Median1 Buchholz+Sonneborn-Berger (Swiss)"]

1. e4 c5 2. Nf3 d6 3. d4 cxd4 4. Nxd4 Nf6 5. Nc3 Nc6 6. Be2 e5 7. Nf3 h6 8. O-O
Be7 9. Be3 O-O 10. h3 Be6 11. Qd2 a6 12. Rfd1 Rc8 13. Ne1 Qc7 14. Bf3 Na5 15.
Qe2 Nc4 16. Nd3 Nxb2 17. Nxb2 Qxc3 18. Na4 Qxc2 19. Qxc2 Rxc2 20. Nb6 Nd7 21.
Rdc1 Rxc1+ 22. Rxc1 Nxb6 23. Bxb6 Rc8 24. Rxc8+ Bxc8 25. Kf1 Kf8 26. Ke2 Ke8
27. Kd3 Be6 28. a4 Bd8 29. Be3 Bb3 30. Be2 Bxa4 31. Kc3 Ba5+ {Kd4} 0-1

[Event "XXVI Ogolnopolska Olimpiada Mlodziezy"]
[Site "Pulawy"]
[Date "2020.10.11"]
[Round "9.25"]
[White "Fil, Grzegorz"]
[Black "Brozynski, Patryk"]
[Result "0-1"]
[WhiteElo "1268"]
[BlackElo "1734"]
[PlyCount "56"]
[EventDate "2020.10.04"]
[EventType "swiss"]
[Tiebreak "Sum of Buchholz+Median1 Buchholz+Sonneborn-Berger (Swiss)"]

1. d4 Nf6 2. c4 g6 3. Nc3 Bg7 4. Nf3 O-O 5. e4 d6 6. Be2 e5 7. d5 a5 8. O-O Na6
9. h3 Nc5 10. Qc2 Ne8 11. Be3 f5 12. Bxc5 dxc5 13. exf5 gxf5 14. Rfe1 Nd6 15.
Rad1 e4 16. Nd2 Rf6 17. f3 e3 18. Nf1 Rg6 19. Nxe3 Bd4 20. Bd3 Qg5 21. f4 Qxf4
22. Qf2 Qg5 23. Kf1 Bd7 24. Qf3 Qh4 25. Nc2 Rg3 26. Qe2 Qf4+ 27. Qf3 Rxf3+ 28.
Ke2 Rf2# 0-1

[Event "XXVI Ogolnopolska Olimpiada Mlodziezy"]
[Site "Pulawy"]
[Date "2020.10.11"]
[Round "9.25"]
[White "Prawucka, Zofia"]
[Black "Wittych, Julia"]
[Result "0-1"]
[WhiteElo "1137"]
[BlackElo "1141"]
[PlyCount "158"]
[EventDate "2020.10.04"]
[EventType "swiss"]
[Tiebreak "Sum of Buchholz+Median1 Buchholz+Sonneborn-Berger (Swiss)"]

1. Nf3 Nf6 2. b3 e6 3. Bb2 d5 4. e3 c5 5. Bb5+ Nbd7 6. d3 Be7 7. O-O O-O 8.
Bxd7 Qxd7 9. Nbd2 b6 10. Ne5 Qc7 11. Ndf3 Bd6 12. c4 Bb7 13. h3 Rfd8 14. Qe2 h6
15. Rad1 Rac8 16. d4 Ne4 17. Nd3 dxc4 18. bxc4 cxd4 19. Nxd4 Qxc4 20. a3 Qd5
21. Qg4 Nf6 22. Qf3 Qxf3 23. gxf3 e5 24. Nf5 Bxf3 25. Rde1 e4 26. Ne5 Rc7 27.
Kh2 Nd7 28. Nxd6 Nxe5 29. Bxe5 Rc6 30. Rg1 g6 31. Nf5 Kh7 32. Nd4 Rcc8 33. Rg3
Bh5 34. Reg1 Re8 35. Bd6 Rcd8 36. Bb4 a5 37. Bc3 Rc8 38. Ba1 Red8 39. Nf5 Rc2
40. Nd4 Rxf2+ 41. R1g2 Rf6 42. Ne2 Rc6 43. Nf4 Bf3 44. Rg1 Rc2+ 45. Ng2 Rdd2
46. h4 Ra2 47. Bd4 Rxa3 48. Bxb6 a4 49. Kh3 Rb3 50. Bd4 a3 51. Ne1 a2 52. Nxf3
exf3 53. Rxf3 Rxd4 54. Rxf7+ Kg8 55. Rgf1 Rxe3+ 56. Kg2 Rd8 57. R7f6 Kg7 58.
Rf7+ Kg8 59. R7f6 Rd2+ 60. Kg1 Rg3+ 61. Kh1 Rd8 62. Kh2 Rg4 63. Kh3 h5 64. Rf7
Ra8 65. R7f2 a1=Q 66. Rxa1 Rxa1 67. Re2 Raa4 68. Re8+ Kf7 69. Rb8 Rxh4+ 70. Kg2
Rhb4 71. Rxb4 Rxb4 72. Kf2 Rb3 73. Ke2 h4 74. Kf2 h3 75. Ke2 h2 76. Kf2 h1=Q
77. Ke2 Qa1 78. Kd2 Qa2+ 79. Kd1 Rb1# 0-1

[Event "XXVI Ogolnopolska Olimpiada Mlodziezy"]
[Site "Pulawy"]
[Date "2020.10.11"]
[Round "9.25"]
[White "Serewa, Antoni"]
[Black "Pisarek, Jan"]
[Result "0-1"]
[WhiteElo "1447"]
[BlackElo "1608"]
[PlyCount "86"]
[EventDate "2020.10.04"]
[EventType "swiss"]
[Tiebreak "Sum of Buchholz+Median1 Buchholz+Sonneborn-Berger (Swiss)"]

1. d4 g6 2. c4 Bg7 3. Nc3 d6 4. Nf3 e5 5. dxe5 dxe5 6. Qxd8+ Kxd8 7. e4 f6 8.
Be3 Be6 9. O-O-O+ Nd7 10. Be2 Bh6 11. Bxh6 Nxh6 12. Ne1 c6 13. Nd3 Kc7 14. b3
Rhf8 15. a3 Rad8 16. h3 Nf7 17. Kc2 b6 18. Na4 Nd6 19. f3 Bg8 20. Nb4 Nc5 21.
Nxc5 bxc5 22. Nd3 Nb7 23. Nb2 Rd4 24. Rxd4 cxd4 25. Rf1 g5 26. Nd3 a5 27. g3 a4
28. Nb2 axb3+ 29. Kxb3 Nc5+ 30. Kc2 Ra8 31. Ra1 Be6 32. Bf1 Rb8 33. Nd3 Nxd3
34. Bxd3 Kd6 35. h4 gxh4 36. gxh4 Kc5 37. Rc1 Rb7 38. Bf1 f5 39. Bd3 f4 40. Bf1
Rg7 41. Kb3 Rg1 42. Kc2 Bxc4 43. Kd2 Rxf1 0-1

[Event "XXVI Ogolnopolska Olimpiada Mlodziezy"]
[Site "Pulawy"]
[Date "2020.10.11"]
[Round "9.26"]
[White "Drzewiecki, Milosz"]
[Black "Kuczynski, Michal"]
[Result "1-0"]
[WhiteElo "1246"]
[BlackElo "1341"]
[PlyCount "77"]
[EventDate "2020.10.04"]
[EventType "swiss"]
[Tiebreak "Sum of Buchholz+Median1 Buchholz+Sonneborn-Berger (Swiss)"]

1. e4 c6 2. d4 d5 3. exd5 cxd5 4. Be3 Bf5 5. Nf3 a6 6. c4 e6 7. Nc3 Nf6 8. Be2
dxc4 9. Bxc4 Nbd7 10. O-O Rc8 11. Bb3 Bb4 12. Ne2 h6 13. Nf4 Nb6 14. Ba4+ Nbd7
15. d5 exd5 16. Nxd5 Nxd5 17. Qxd5 Be6 18. Qd4 Bf8 19. Rfe1 b5 20. Bb3 Rc6 21.
Rad1 Rd6 22. Qc3 Rxd1 23. Rxd1 Bxb3 24. Qxb3 Qc7 25. Qd5 Be7 26. Qa8+ Nb8 27.
Rc1 Qd6 28. Rc8+ Bd8 29. Qe4+ Kd7 30. Qf5+ Ke8 31. Nd4 Nd7 32. Qe4+ Ne5 33. Bf4
f6 34. h3 Kf7 35. Bxe5 Qd7 36. Rc6 fxe5 37. Qg6+ Kg8 38. Rd6 Qc7 39. Ne6 1-0